00320 2200133 4500001002100000005001500021035002000036245004200056100001500098260002800113082001000141084001600151990001900167INLIS00000000000113320260212094938 a0010-02260002231 aPengantar Metode Statistik :bJilid 20 aAnto Dajan aJakarta :bLP3ES,c1996 a519.5 a519.5 ANT p a500.2006.00153